000 00346nam a2200157Ia 4500
003 OSt
005 20240201104521.0
008 170524s9999 xx 000 0 und d
020 _a8126110678
040 _cIIMT
100 _aSudan- Amrik Singh
245 0 _aHousekeeping Management
260 _bAnmol Pub.
260 _c2006
942 _2ddc
_c02
999 _c6368
_d6368